The economy today

Saved in:
Bibliographic Details
Main Author:  Schiller, Bradley R
Format: Sách
Language:Undetermined
Published:  McGraw-Hill Irwin  2008
Subjects:
Tags: Add Tag
No Tags, Be the first to tag this record!
Institutions: Trung tâm Thư viện - Trường Đại học Công nghiệp TP. Hồ Chí Minh
LEADER 00473nam a2200157Ia 4500
001 UIH_05672
008 231011s9999 xx 000 0 und d
082 |a  330 
100 |a  Schiller, Bradley R 
245 0 |a  The economy today 
245 0 |c  Schiller, Bradley R 
260 |b  McGraw-Hill Irwin 
260 |c  2008 
650 |a  Kinh tế; Economics;  
927 |a Sách 
980 |a Trung tâm Thư viện - Trường Đại học Công nghiệp TP. Hồ Chí Minh